Aproximaciones a cuatro mundos en la poesía chilena actual
Saved in:
| Hovedforfatter: | |
|---|---|
| Format: | Bog |
| Sprog: | spansk |
| Udgivet: |
Viña del Mar
Altazor
1991
|
| Fag: | |
| Tags: |
Tilføj Tag
Ingen Tags, Vær først til at tagge denne postø!
|
MARC
| LEADER | 00000nam a2200000 a 4500 | ||
|---|---|---|---|
| 001 | UCX7378 | ||
| 003 | CL-VaPUC | ||
| 008 | 931207e19910000CL |||||||||||||||||spa|d | ||
| 082 | 0 | 4 | |a Ch861.9 |b ESP |2 21 |
| 100 | 0 | |a Espinoza Orellana, Manuel |e author |9 324208 | |
| 245 | 1 | 0 | |a Aproximaciones a cuatro mundos en la poesía chilena actual |
| 300 | |a 32 p | ||
| 942 | |c BK | ||
| 945 | |d 19931207 00:00:00 |a rbrito | ||
| 260 | |a Viña del Mar |b Altazor |c 1991 | ||
| 650 | 0 | |a Poesía chilena |9 268403 | |
| 650 | 0 | |a Historia y crítica |9 257407 | |
| 583 | |a last modification |c 19931207 00:00:00 |k Rodrigo Vera | ||
| 999 | |c 227207 |d 227205 | ||
| 952 | |0 0 |1 0 |4 0 |6 CH_861_900000000000000_ESP_1991 |7 0 |8 A |9 226073 |a BIBEDU |b BIBEDU |d 2019-11-15 |i 2945983 |o Ch861.9 ESP 1991 |p 2945983 |r 2019-11-15 |w 2019-11-15 |y BK |k LIT | ||